000 00682nam a2200241Ia 4500
003 OSt
005 20220918222337.0
006 a|||||r|||| 00| 0
007 ta
008 220917b |||||||| |||| 00| 0 eng d
024 _a216,513
037 _cTextual
040 _aARTS
_cARTS
_beng
041 _2eng
_aeng
082 _aY:492v3, P2
100 _aDrescher Seymour
_9142869
245 0 _aMighty experiment
_b free labor versus slavery in British emancipation
260 _aOxford
_bOxford University Press
_c2002
300 _avi, 307p
_ccm.
650 _aSOCIOLOGY
942 _hY:492v3, P2
_cTEXL
_2CC
999 _c275244
_d275244